000 00716nam a2200241Ia 4500
003 OSt
005 20220925210707.0
006 a|||||r|||| 00| 0
007 ta
008 220923b |||||||| |||| 00| 0 eng d
037 _cGeneral Book
040 _aRTL
_cRTL
_beng
041 _2eng
_aeng
082 _aV44Q7:2:(Z,81).N7, L7/GD
110 _aPakistan Supreme Court
_9272952
245 0 _aStatement in the Supreme Court of Pakistan by A K
260 _aIslamabad
_bGovt Press
_c1977
300 _a92p
_ccm.
650 _aConstitution Pakistan
_9233325
700 _aPakistan Supreme Court
_9272953
942 _hV44Q7:2:(Z,81).N7, L7/GD
_cGB
_2CC
999 _c555772
_d555772